České a moravské rybníky = Češskije i moravskije prudy = Böhmische und mährische Teiche = Bohemian and Moravian Ponds : [fot. publ.] /

Hlavní autor: Kuklík, Karel, 1937-2019
Další autoři: Zatloukalová, Anna, Hrbáček, Jaroslav, 1921-2010, Boturová, Valentina, Kadečka, Slavoš
Jazyk: Více jazyků
Vydáno: Praha : Pressfoto, 1984
Vydání: 1. vyd.
Edice: Má vlast (Pressfoto). Řada C
Témata:
Externí odkaz: Digitalizovaný dokument
Fyzický popis: 83 s. : [80] s. barev. fot. ; 16x15 cm
Knihy
Uloženo v:
LEADER 02151nam a22004692a 4500
001 000358504
003 CZ BrMZK
005 20230615133620.0
007 ta
008 980105s1984 xr af f mul d
015 |a cnb000024513 
035 |a (OCoLC)85560329 
040 |a ABA001  |b cze  |d ABA001 
041 1 |a mul  |h cze 
080 9 |a 626.886 
100 1 |a Kuklík, Karel,  |d 1937-2019  |7 jn19990209450  |4 aut 
245 1 0 |a České a moravské rybníky =  |b Češskije i moravskije prudy = Böhmische und mährische Teiche = Bohemian and Moravian Ponds : [fot. publ.] /  |c fot. Karel Kuklík ; [z češ.] do ruš. přel. Valentina Boturová, do něm. AnnaZatloukalová, do angl. Slavoš Kadečka ; úvod a texty k vyobr. naps. Jaroslav Hrbáček 
246 3 1 |a Bohemian and Moravian Ponds 
246 3 1 |a Böhmische und mährische Teiche 
246 3 1 |a Češskije i moravskije prudy 
250 |a 1. vyd. 
260 |a Praha :  |b Pressfoto,  |c 1984 
300 |a 83 s. :  |b [80] s. barev. fot. ;  |c 16x15 cm 
490 1 |a Má vlast. Řada C ;  |v sv. 24 
500 |a Barev. fot. na předsádce 
500 |a 25000 výt. 
500 |a Obálka a vazba Felix Šejna 
655 7 |a obrazové publikace  |7 fd132947  |2 czenas 
700 1 |a Zatloukalová, Anna  |7 jx20050414031  |4 trl 
700 1 |a Hrbáček, Jaroslav,  |d 1921-2010  |7 jk01042686  |4 aut 
700 1 |a Boturová, Valentina  |7 jk01012761  |4 trl 
700 1 |a Kadečka, Slavoš  |7 jn20010309020  |4 trl 
830 0 |a Má vlast (Pressfoto).  |p Řada C  |0 s 
856 4 1 |u https://www.digitalniknihovna.cz/mzk/uuid/uuid:7fbed050-58ea-11e3-ac69-005056827e51  |y Digitalizovaný dokument  |x NDK 
910 |a BOA001  |b 1-0883.178  |b PK-A-0018.511 
920 |a 000058889 
990 |a BK 
991 |b 200710 
996 7 |b 2610866051  |c 1-0883.178  |l MZK  |r Sklad / do 1 hodiny  |n 1  |w 000358504  |u 000040  |a 1  |e BOA001  |j MZK50  |s A 
996 6 |b 2618908799  |c 1-0883.178  |l MZK  |r Sklad / do 1 hodiny  |n 0  |w 000358504  |u 000020  |a 1  |e BOA001  |j MZK50  |s P 
996 7 |b 2619811730  |c 1-0883.178  |l MZK  |r Sklad / do 1 hodiny  |n 19  |w 000358504  |u 000010  |a 1  |e BOA001  |j MZK50  |s A 
996 7 |b 3119974354  |c PK-A-0018.511  |l MZK  |r Sklad / do 1 hodiny  |n 2  |w 000358504  |u 000030  |a 1  |e BOA001  |j MZK50  |s A